00268nam a2200097Ia 4500008004100000041000800041100002700049245004000076260003500116999001900151241105s9999 xx 000 0 und d aeng aBhagwat Shrita9182547 aCentre For Mahanubhavpanth At Mahur bFinal Year B. Arch, BNCAc2014 c360836d360836